Sports Quiz

Random Sports or Clickable Quiz

Chicago Cubs Players Quiz Stats

 Plays Quiz not verified by Sporcle

Score 0/20 Timer 04:00
0 Plays Today
Was he a Cubs yes or no % Correct
Mark Buehrle ???
98.5%
Fergie Jenkins???
98.5%
Chipper Jones ???
98.5%
Sammy Sosa???
97%
Moises Alou???
97%
Mark Mcgwire???
97%
Derrek Lee???
97%
Ryne Sandberg???
97%
Adam Dunn???
97%
Ron Santo???
97%
Was he a Cubs yes or no % Correct
Ernie Banks ???
97%
Jim Edmonds???
97%
Barry Bonds???
95.5%
Ryan Dempster???
95.5%
Chris Carpenter???
95.5%
Ryan Theriot???
95.5%
Adam Wainwright???
95.5%
Kosuke Fukudome???
95.5%
Ichiro Suzuki???
95.5%
Aramis Ramirez???
95.5%

You're not logged in!

Compare scores with friends on all Sporcle quizzes.
OR
Log In

Show Comments

Extras

Top Quizzes Today


Score Distribution

Your Account Isn't Verified!

In order to create a playlist on Sporcle, you need to verify the email address you used during registration. Go to your Sporcle Settings to finish the process.

Report this User

Report this user for behavior that violates our Community Guidelines.

Details: